00399nam a2200169Ia 4500008004100000020001800041245002800059245002500087260001500112260001600127260000900143300001500152300002500167300001000192500000800202999001900210170705s9999 xx 000 0 und d a9780590974097 aSarah, plain and tall / cPatricia MacLachlan. aNew York : bScholastic, c1985 a94 pages : bcolor illustration ; c19cm. a560 c335960d335960